Soupe d'Autriche - Statistiques

Statistiques générales
  • Ce quiz a été pris 10 fois
  • Le résultat moyen est 16 sur 30
Statistiques - réponses
Lettres : Indice : % Correct
8 Je tomberai. CHUTERAI
100%
3 Boisson des anglais. THÉ
89%
4 Angoisse avant de monter sur scène. TRAC
89%
6 Celui qui joue un rôle. ACTEUR
78%
5 Pour écrire au tableau. CRAIE
78%
2 Liaison ET
78%
5 Avoir beaucoup d'argent. RICHE
78%
2 Petit ruisseau RU
78%
4 Supprimer quelqu'un. TUER
78%
5 De Noé, elle a transporté des animauxpendant le déluge. ARCHE
67%
5 Plan pour se repérer. CARTE
67%
4 Patois du Nord. CHTI
67%
5 Chauffer un aliment au four. CUIRE
67%
6 Fraude commise lors d'un examen parexemple. TRICHE
67%
5 Femme du porc. TRUIE
67%
7 Écrivaine. AUTRICE
56%
4 Voiture à deux roues tirée par des chevaux. CHAR
56%
4 Débordement considérable des eaux. CRUE
56%
4 "Mur" d'arbustes séparant deux lieux oudeux jardins. HAIE
56%
5 Est dit d'une chose ayant une positionélevée. HAUTE
44%
5 Métal résistant. ACIER
33%
4 Cérémonie religieuse ou satanique. RITE
33%
7 Infliger une peine à quelqu'un. CHATIER
22%
5 Distance entre deux points ou deuxobjets. ÉCART
22%
5 Document, dactylographié ou non. ÉCRIT
22%
6 Grand chenet de cuisine ou marquede manuels scolaires. HATIER
22%
4 Pousser des cris de dérision. HUER
22%
6 Mollusque bivalve de couleur bleu-noir. HUITRE
22%
6 Renverser un liquide une surfacepropre. TACHER
22%
6 Pour écrire en cours. CAHIER
11%
Aucun quiz correspondant
Distribution des résultats
% des personnes avec chaque résultat
Percentile par nombre de réponses
Votre historique - résultats
Vous n’avez pas pris ce quiz